00321pab a2200097 454500008003600000100002100036245006500057362003000122650002600152773004500178180718b xxu||||| |||| 00| 0 eng d aDobel J. Patrick aThe moral realities of public life: some insights of fiction a22(2), Jun 1992, p.127-43 aPublic Administration aAmerican Review of Public Administration